The Laurie Berkner Band Songs - Statistics

General Stats
  • This quiz has been taken 2 times
  • The average score is 38 of 108
Answer Stats
Songs % Correct
Rocketship Run
100%
Under A Shady Tree
100%
Victor Vito
100%
Walk Along the River
100%
We Are The Dinosaurs
100%
All Around My Room
50%
Blow A Kiss
50%
Boody Boody Ya Ya
50%
Boots
50%
Bottle Caps
50%
Bring Your Clothes
50%
Bumblebee (Buzz Buzz)
50%
Candy Cane Jane
50%
Can You Imagine?
50%
Doodlebugs
50%
Farm Song (That's What I Did On The Farm)
50%
Five Days Old
50%
Fly Me To The Moon
50%
Froggie Went A Courtin'
50%
Fruit Salad Salsa
50%
Going On A Hunt (Blues)
50%
Going On A Hunt (Hand Jive)
50%
Going On A Hunt (Ska)
50%
Goodnight
50%
Googleheads
50%
I Feel Crazy So I Jump In The Soup
50%
I Had A Friend
50%
I'm A Little Snowflake
50%
I'm Gonna Catch You
50%
I'm Gonna Eat On Thanksgiving Day
50%
I'm Not Perfect
50%
In The Clouds
50%
I Really Love To Dance
50%
I've Been Working On The Railroad
50%
Jump and Fly
50%
Let's Samba
50%
Little Red Caboose
50%
Lots of Little Pigs
50%
Magic Box
50%
Mahalo
50%
Monster Boogie
50%
Moon Moon Moon
50%
Mouse In My Toolbox
50%
My Blue Sailboat
50%
My Energy
50%
Nona
50%
Oh Susannah
50%
Oleanna
50%
One More Stop On The Train
50%
Pigbasket
50%
Pig On Her Head
50%
Rhubarb Pie (Hot Commodity)
50%
Running Down The Hill
50%
She'll Be Comin' Round The Mountain
50%
Smile
50%
Sneaks
50%
Song In My Tummy
50%
Telephone
50%
The Airplane Song
50%
The Crabs
50%
The Goldfish
50%
The Pretzel Store
50%
These Are My Glasses
50%
The Story of My Feelings
50%
The Toy Museum
50%
This Hat
50%
Trucks
50%
What Falls In The Fall?
50%
White Coral Bells
50%
Who's That?
50%
Zodiac
50%
123
0%
ABCD Medley
0%
After It Rains
0%
All The Pretty Little Horses
0%
Balance Beam
0%
Choc-o-lot in my Pock-o-lot
0%
Clean It Up
0%
Do The Dragon
0%
Down Down Baby
0%
Drive My Car
0%
Fast and Slow (The Rabbit and the Turtle)
0%
Going On A Hunt (Conga)
0%
Going On A Hunt (Jig)
0%
I Know A Chicken
0%
I Love My Rooster
0%
I'm A Mess
0%
I'm Me and You're You
0%
Just Like The Sun
0%
Last Night I Had A Dream
0%
Mister
0%
Mr. Bassman (And Piano Girl)
0%
Popcorn Calling Me
0%
Rum Sum Sum
0%
Shakin' Down The Sugar
0%
Shortnin' Bread
0%
The Animal Fair
0%
The Cat Came Back
0%
The Cookie Bakers of the Night
0%
The Erie Canal
0%
The Great Big Dog
0%
The More We Get Together
0%
There's A Little Wheel A Turnin' In My Heart
0%
The Valley Of Vegetables
0%
Thunderstorm
0%
Tingolayo
0%
Wimoweh
0%
Winter Lullaby
0%
No matching quizzes found
Score Distribution
Percent of People with Each Score
Percentile by Number Answered
Your Score History
You have not taken this quiz